Rupaul's Drag Race S03 - Statistics

Estatísticas Gerais
  • Esse quiz foi jogado 9 vezes
  • A pontuação média é 10 de 13
Estatísticas das Respostas
Hint Resposta % Correto
1st Raja
100%
3rd Alexis Mateo
89%
2nd Manila Luzon
89%
6th Shangela
89%
4th Yara Sofia
89%
5th Carmen Carrera
78%
7th Delta Work
78%
9th Mariah
78%
12th Phoenix
67%
8th Stacy Layne Matthews
67%
10th India Ferrah
56%
13th Venus D-lite
56%
11th Mimi Imfurst
44%
Nenhum quiz correspondente encontrado
Distribuição das Pontuações
Porcentagem de Pessoas com Cada Pontuação
Percentil de Números Respondidos
Sua Pontuação Histórica
Você não jogou esse quiz